000
00295nam a2200133Ia 4500
008
190216s9999||||xx |||||||||||||| ||und||
100
_a
Janardhanapillai
245
0
_a
Algebra-Ii.
250
_a
I
260
_b
Ajith Book Center
_c
2000
300
_a
500
650
_a
Mathe Matics
942
_c
BK
999
_c
32514
_d
32514